000 00839nam a2200253Ia 4500
003 OSt
005 20221005105128.0
006 a|||||r|||| 00| 0
007 ta
008 221004b |||||||| |||| 00| 0 hin d
024 _a108601
037 _cTextual
040 _aCRL
_cCRL
_bhin
041 _2hin
_ahin
082 _aO152,1M66:g, J1
100 _aकौशिक, कृष्ण कुमार
245 0 _aरीतिकाल और रत्नाकर
246 _aRītikāl aur ratnākara
260 _aदेहरादून
_bसाहित्य सदन भारत
_c1951
300 _a188पृ0
_ccm.
650 _aहिन्दी साहित्य
942 _hO152,1M66:g, J1
_cTEXL
_2cc
999 _c1014856
_d1014856